Information age and space / (Record no. 42899)

MARC details
000 -LEADER
fixed length control field 00665nam a22002057a 4500
005 - DATE AND TIME OF LATEST TRANSACTION
control field 2010082108228.0
010 ## - LCCN (DPL NO)
LC control number ENG-101203
020 ## - INTERNATIONAL STANDARD BOOK NUMBER
Terms of availability 150.00
International Standard Book Number 9789380173115
035 ## - SYSTEM CONTROL NUMBER
System control number EN-84736
037 ## - SOURCE OF ACQUISITION
Source of stock number/acquisition DBAD/PUB
082 ## - DEWEY DECIMAL CLASSIFICATION NUMBER
Classification number 910
100 ## - MAIN ENTRY--PERSONAL NAME
Personal name Kamala, M.
245 ## - TITLE STATEMENT
Title Information age and space /
Statement of responsibility, etc by M.Kamala
260 ## - PUBLICATION, DISTRIBUTION, ETC. (IMPRINT)
Place of publication, distribution, etc Koradacherry
Name of publisher, distributor, etc Aruma Pathipagam
Date of publication, distribution, etc 2009
270 ## - ADDRESS
Address 35 Gandhi Colony
City Koradacherry
Postal code 613703
300 ## - PHYSICAL DESCRIPTION
Extent 100p.:
Dimensions 20cm (pbk)
Other physical details ill.
Accompanying material b&w photoes and maps
700 ## - ADDED ENTRY--PERSONAL NAME
9 (RLIN) 15942
942 ## - ADDED ENTRY ELEMENTS (KOHA)
Source of classification or shelving scheme Dewey Decimal Classification
Item type English Books
Classification part 910
Call number suffix KAM
Holdings
Withdrawn status Lost status Not for loan Collection code Home library Current library Date acquired Source of acquisition Cost, normal purchase price Full call number Barcode Copy number Cost, replacement price Koha item type
    Not For Loan Non-fiction D.B.Act.Division D.B.Act.Division 21/08/2010 DBAD/PUB 85.00 910 KAM EN-84736 1 85.00 English Books

© Delhi Public Library
Hit Counter
free hit counter